000 00301nam a22001217a 4500
020 _a0-330-24155-9
082 _a745 DIX'F
100 _aDIX, DOUGLASK
_976654
245 _aFILOGRAPHY AN INTRODUCTION TO THREAD SCULPTURE
260 _aAUSRALIA
_bHOBBIES/PASTIMES
_c1975
300 _a64P
942 _cBK
999 _c582001
_d582001